[Event "LiraH Autumn"]
[Site "Lichtenrade GER"]
[Date "2008.10.22"]
[Round "5"]
[White "Lindemann,F"]
[Black "Lueders,Ge"]
[Result "0-1"]
[WhiteElo "2022"]
[BlackElo "2219"]

1.c4 Nf6 2.Nc3 g6 3.d4 d5 4.cxd5 Nxd5 5.e4 Nxc3 6.bxc3 Bg7 7.Bc4 c5 8.Ne2 cxd4
9.cxd4 Nc6 10.Be3 Qa5+ 11.Kf1 O-O 12.h4 h5 13.Rb1 e6 14.g4 Rd8 15.Rb5 Qc7
16.d5 exd5 17.Bxd5 Bxg4 18.Qb3 b6 19.Nf4 Nd4 20.Bxd4 Qxf4 21.Be3 Qf3 22.Kg1 Rac8
23.e5 Qf5 24.Bg5 Rd7 25.f3 Rxd5 26.Rxd5 Bxf3 27.Rd3 Qg4+ 28.Kf2 Bxh1  0-1

[Event "WYCC Boys U18"]
[Site "Vung Tau City VIE"]
[Date "2008.10.22"]
[Round "3"]
[White "Pavlidis,Ana"]
[Black "Tomczak,J"]
[Result "0-1"]
[WhiteElo "2322"]
[BlackElo "2461"]

1.d4 Nf6 2.c4 g6 3.Nc3 d5 4.cxd5 Nxd5 5.e4 Nxc3 6.bxc3 Bg7 7.Nf3 c5 8.Rb1 O-O
9.Be2 b6 10.O-O Bb7 11.Qd3 e6 12.Bg5 Qc7 13.Qe3 Nd7 14.e5 a6 15.Nd2 b5 16.Be7 Rfc8
17.Bd6 cxd4 18.cxd4 Qc3 19.a4 Qxe3 20.fxe3 Bh6 21.Nf3 Be4 22.Rb4 Bxe3+ 23.Kh1 Rc2
24.Bd1 Rc1 25.Rb3 Bxf3 26.gxf3 Bxd4 27.f4 bxa4 28.Ra3 Nb6 29.Be2 Rxf1+ 30.Bxf1 Bb2
31.Ra2 Bc1 32.Bg2 Rc8 33.Bb7 Rc3 34.Bxa6 Bxf4 35.Bb5 Nc4 36.Rxa4 Nxd6  0-1

[Event "12th Essent Open"]
[Site "Hoogeveen NED"]
[Date "2008.10.23"]
[Round "7"]
[White "Naumkin,I"]
[Black "Gupta,Ab"]
[Result "1-0"]
[WhiteElo "2506"]
[BlackElo "2580"]

1.d4 Nf6 2.c4 g6 3.Nc3 d5 4.cxd5 Nxd5 5.e4 Nxc3 6.bxc3 Bg7 7.Bc4 O-O 8.Ne2 c5
9.O-O Nc6 10.Be3 Bd7 11.Rb1 a6 12.Bd3 Qc7 13.Qd2 Rfd8 14.Bh6 Bh8 15.Bf4 Qc8
16.d5 Ne5 17.Bxe5 Bxe5 18.f4 Bg7 19.c4 b5 20.e5 Rb8 21.Rbc1 Qb7 22.Nc3 bxc4
23.Bc2 Qb4 24.Qe3 Qa3 25.f5 Rb2 26.fxg6 hxg6 27.Qg3 Be8 28.Be4 Qb4 29.d6 exd6
30.Nd5 Qd2 31.Qh4 Rd7 32.Rcd1 Qe2 33.exd6 Qh5 34.Nf6+ Bxf6 35.Qxf6 Rb6 36.Bd5 Rbxd6
37.Bxf7+ Kh7 38.Rxd6 Rxf7 39.Qa1 Rxf1+ 40.Qxf1 Qe5 41.Rd1 c3 42.Re1 Qd4+
43.Kh1 Bc6 44.Qf8  1-0

[Event "WYCC Girls U16"]
[Site "Vung Tau City VIE"]
[Date "2008.10.26"]
[Round "7"]
[White "Hejazipour,M"]
[Black "Chan Wei Yi,V"]
[Result "1-0"]
[WhiteElo "2139"]
[BlackElo "1902"]

1.d4 Nf6 2.c4 g6 3.Nc3 d5 4.cxd5 Nxd5 5.e4 Nxc3 6.bxc3 Bg7 7.Bc4 O-O 8.Ne2 c5
9.Be3 Nc6 10.O-O Bg4 11.f3 Na5 12.Bd3 cxd4 13.cxd4 Be6 14.d5 Bxa1 15.Qxa1 f6
16.Qd4 Bd7 17.Bh6 Re8 18.Qf2 e6 19.h4 exd5 20.exd5 Re5 21.Qg3 Bf5 22.Bxf5 Rxf5
23.Nf4 Qd6 24.Qg4 Rxf4 25.Qxf4 Qxf4 26.Bxf4 Nc4 27.Rb1 b6 28.Bc7 Kf7 29.d6 Ne5
30.Re1 Re8 31.Rxe5 Rxe5 32.d7 Rd5 33.d8=Q Rxd8 34.Bxd8 b5 35.Kf2 Ke6 36.Ke3 Ke5
37.Kd3 f5 38.g3 Kd5 39.a3 Kc5 40.Be7+ Kd5 41.Bb4 Ke5 42.Bc5 a6 43.Kc3 Kd5
44.Kb4 Kc6 45.Be3 Kd5 46.Ka5 Kc4 47.Kxa6 b4 48.axb4 Kxb4 49.Kb6 Kc4 50.g4 Kd3
51.gxf5 gxf5 52.Bg5 f4 53.Bxf4 Ke2 54.Kc5 Kxf3 55.Bg5 Kg4 56.Kd6 Kf5 57.Ke7 Kg6
58.Kf8 h6 59.Bd8 h5 60.Kg8 Kf5 61.Kg7 Kf4 62.Kh6 Kg4 63.Kg6 Kf4 64.Kxh5 Kf5
65.Bg5 Ke6 66.Kg6 Kd7 67.h5 Ke8 68.h6 Kf8 69.h7  1-0

[Event "8th Rohde Open"]
[Site "Sautron FRA"]
[Date "2008.10.27"]
[Round "3"]
[White "Rombaldoni,D"]
[Black "Lalic,B"]
[Result "0-1"]
[WhiteElo "2436"]
[BlackElo "2531"]

1.d4 Nf6 2.c4 g6 3.Nc3 d5 4.cxd5 Nxd5 5.e4 Nxc3 6.bxc3 Bg7 7.Bc4 c5 8.Ne2 Nc6
9.Be3 O-O 10.O-O Na5 11.Bd3 b6 12.Rc1 e5 13.d5 c4 14.Bb1 Nb7 15.f4 f6 16.f5 Nd6
17.Ng3 Bd7 18.Qd2 Qe7 19.Rf2 Rf7 20.Rcf1 Kh8 21.Bc2 Rg8 22.a4 Bf8 23.Qe2 Qd8
24.Kh1 Be7 25.Ra1 Qc7 26.Nf1 gxf5 27.exf5 Qb7 28.Qh5 Be8 29.Qf3 Qa6 30.Bh6 Bf8
31.Qh3 Bxh6 32.Qxh6 Qa5 33.Rf3 e4 34.Rh3 Qxd5 35.Rd1 Qe5 36.Qe3 Bc6 37.Rh5 Rfg7
38.Qh3 Be8 39.Ne3 Bxh5 40.Qxh5 Qxc3 41.Qe2 Nxf5 42.Nd5 Qb2 43.Qxe4 Nd6  0-1

[Event "WYCC Boys U18"]
[Site "Vung Tau City VIE"]
[Date "2008.10.28"]
[Round "9"]
[White "Pavlidis,Ana"]
[Black "Zaslavsky,M"]
[Result "1-0"]
[WhiteElo "2322"]
[BlackElo "2367"]

1.d4 Nf6 2.c4 g6 3.Nc3 d5 4.cxd5 Nxd5 5.e4 Nxc3 6.bxc3 Bg7 7.Nf3 c5 8.Rb1 O-O
9.Be2 Nc6 10.d5 Ne5 11.Nxe5 Bxe5 12.Qd2 e6 13.f4 Bc7 14.O-O exd5 15.exd5 Ba5
16.f5 Bxf5 17.Rxb7 Qd6 18.Bc4 Rfb8 19.Rxb8+ Rxb8 20.Qe2 Rb1 21.Bd3 Bc7 22.g3 Bxd3
23.Qxd3 Ra1 24.Bf4 Rxf1+ 25.Kxf1 Qd7 26.Bxc7 Qxc7 27.d6 Qd7 28.Qd5 c4 29.Ke2 Kg7
30.Ke3 Kf6 31.Kd4 Qg4+ 32.Kc5 Qc8+ 33.Qc6 Qg4 34.Qe8 Qf5+ 35.Kc6 Qf3+ 36.Kc7 Qd5
37.Qd8+ Kg7 38.d7 Qa5+ 39.Kc8 Qa6+ 40.Kb8 Qd6+ 41.Qc7  1-0

[Event "Vasylyshyn Mem"]
[Site "Lviv UKR"]
[Date "2008.10.31"]
[Round "15"]
[White "Babujian,L"]
[Black "Ipatov,A UKR"]
[Result "0-1"]
[WhiteElo "2502"]
[BlackElo "2472"]

1.d4 Nf6 2.c4 g6 3.Nc3 d5 4.cxd5 Nxd5 5.e4 Nxc3 6.bxc3 Bg7 7.Bc4 c5 8.Ne2 Nc6
9.Be3 O-O 10.O-O Qc7 11.Rc1 Rd8 12.Bf4 Qd7 13.dxc5 Qe8 14.Bd5 Bd7 15.Qd2 e6
16.Bb3 Ne5 17.Qe3 Bb5 18.Bxe5 Bxe5 19.Rfd1 Bxe2 20.Qxe2 Rxd1+ 21.Rxd1 Rd8
22.Qe3 Rxd1+ 23.Bxd1 Qb5 24.Bb3 Qa5 25.h4 Bxc3 26.a3 Bf6 27.h5 Qxa3 28.hxg6 hxg6
29.Kh2 a5 30.e5 Be7 31.c6 bxc6 32.Qb6 a4 33.Bc2 Qc3 34.Qb8+ Kg7 35.Bxa4 Qc4
36.Qb3 Qf4+ 37.Kg1 Qxe5 38.Kf1 c5 39.Qc4 Bf6 40.g3 Qf5 41.Bc2 Qh3+ 42.Ke2 Bd4
43.Qd3 Qg2 44.Qf3 Qg1 45.Bb3 Qb1 46.Bd1 c4 47.Kf1 c3 48.Qe2 Qb7 49.Kg1 Qd5
50.Bc2 f5 51.Bd3 Kf6 52.Bc2 Qc6 53.Qd3 Qc5 54.Qe2 e5 55.g4 e4 56.Kg2 Qc6
57.gxf5 gxf5 58.Qh5 Ke5 59.Qh8+ Kd5 60.Qg8+ Ke5 61.Qh8+ Qf6 62.Qb8+ Qd6 63.Qe8+ Kf4
64.Qg8 Bxf2 65.Qg7 Be1 66.Kf1 Bg3 67.Qh8 Qa6+ 68.Kg1 Qb6+ 69.Kh1 Qb2 70.Qh6+ Kf3
71.Bd1+ Kf2 72.Qh3 f4 73.Qd7 Qd2 74.Qa7+ e3  0-1

[Event "SenWM"]
[Site "Bad Zwischenahn GER"]
[Date "2008.11.01"]
[Round "5"]
[White "Jakobsen,Ol"]
[Black "Jansa,Vl"]
[Result "1/2-1/2"]
[WhiteElo "2351"]
[BlackElo "2477"]

1.d4 Nf6 2.c4 g6 3.Nc3 d5 4.cxd5 Nxd5 5.e4 Nxc3 6.bxc3 Bg7 7.Be3 c5 8.Qd2 Qa5
9.Rb1 b6 10.Bb5+ Bd7 11.Bd3 Nc6 12.Nf3 O-O 13.Rc1 cxd4 14.cxd4 Nb4 15.Bc4 Rac8  1/2-1/2

[Event "21st Belgrade Trophy"]
[Site "Obrenovac SRB"]
[Date "2008.11.03"]
[Round "7"]
[White "Ristic,Neb2"]
[Black "Maksimovic,Mir"]
[Result "0-1"]
[WhiteElo "2374"]
[BlackElo "2245"]

1.d4 Nf6 2.c4 g6 3.Nc3 d5 4.cxd5 Nxd5 5.e4 Nxc3 6.bxc3 Bg7 7.Bb5+ c6 8.Ba4 O-O
9.Ne2 c5 10.O-O Nc6 11.Be3 Na5 12.dxc5 Nc4 13.Qxd8 Rxd8 14.Bg5 Bd7 15.Bb3 Na5
16.Rfd1 Kf8 17.Rd2 Bc6 18.f3 Rxd2 19.Bxd2 Rd8 20.Be1 Bb5 21.Rd1 Rxd1 22.Bxd1 Bc4
23.Nc1 Ke8 24.Bb3 Nxb3 25.Nxb3 Kd7 26.f4 Kc6 27.e5 Kb5 28.Bf2 a5 29.Nd4+ Ka4
30.c6 bxc6 31.Nxc6 Bxa2 32.c4 Bxc4 33.Be1 Kb5 34.Nxa5 Bd5 35.Kf2 e6 36.Ke3 Bf8
37.g4 Bc5+ 38.Kd3 Bb6 39.f5 Bxa5 40.Bxa5 Kxa5 41.fxg6 fxg6 42.h4 h6 43.g5 hxg5
44.hxg5  0-1

[Event "12th OIBM"]
[Site "Bad Wiessee GER"]
[Date "2008.11.04"]
[Round "4"]
[White "Lauber,A"]
[Black "Koepke,C"]
[Result "1-0"]
[WhiteElo "2497"]
[BlackElo "2356"]

1.d4 Nf6 2.c4 g6 3.Nc3 d5 4.cxd5 Nxd5 5.e4 Nxc3 6.bxc3 Bg7 7.Bc4 c5 8.Ne2 Nc6
9.Be3 O-O 10.O-O Na5 11.Bd3 b6 12.Qd2 e5 13.dxe5 Be6 14.Rfd1 Nc4 15.Bxc4 Bxc4
16.f4 Qe7 17.Ng3 Rad8 18.Qc2 h5 19.Nf1 Kh7 20.Bf2 Rxd1 21.Rxd1 Bxf1 22.Rxf1 f6
23.Bh4 Qe6 24.exf6 Bxf6 25.f5 gxf5 26.Rxf5 Bg7 27.Rxh5+ Kg8 28.e5 Rf7 29.Qh7+ Kf8
30.Qe4 Kg8 31.Qh7+ Kf8 32.Qe4 Kg8 33.c4 b5 34.Qa8+ Rf8 35.Qd5 Re8 36.Qxe6+ Rxe6
37.Bf6 Bxf6 38.exf6 bxc4 39.Rxc5 Re1+ 40.Kf2 Rc1 41.g4 Kf7 42.g5 c3 43.h4  1-0

[Event "SenWM"]
[Site "Bad Zwischenahn GER"]
[Date "2008.11.08"]
[Round "11"]
[White "Kaufman,La"]
[Black "Zakharov,AI"]
[Result "1/2-1/2"]
[WhiteElo "2391"]
[BlackElo "2413"]

1.d4 Nf6 2.c4 g6 3.Nc3 d5 4.cxd5 Nxd5 5.e4 Nxc3 6.bxc3 Bg7 7.Nf3 O-O 8.Be3 c5
9.Rc1 Qa5 10.Qd2 Nd7 11.d5 b5 12.Bd3 Bb7 13.O-O c4 14.Bb1 Rad8 15.Bd4 Nf6
16.h3 Rfe8  1/2-1/2

[Event "Russia Cup Final"]
[Site "Serpuhov RUS"]
[Date "2008.11.12"]
[Round "4.3"]
[White "Belov,Vl"]
[Black "Timofeev,Arty"]
[Result "0-1"]
[WhiteElo "2579"]
[BlackElo "2670"]

1.d4 Nf6 2.c4 g6 3.Nc3 d5 4.cxd5 Nxd5 5.e4 Nxc3 6.bxc3 Bg7 7.Nf3 c5 8.h3 O-O
9.Be2 Nc6 10.Be3 cxd4 11.cxd4 f5 12.Bc4+ Kh8 13.e5 f4 14.Bc1 Na5 15.Bd3 Be6
16.h4 Bg4 17.h5 gxh5 18.Be4 Nc6 19.Bb2 Qa5+ 20.Qd2 Qxd2+ 21.Nxd2 Rad8 22.Nb3 f3
23.gxf3 Bxf3 24.Bxf3 Rxf3 25.Rxh5 Rdf8 26.O-O-O Rxf2 27.Nc5 Nb4 28.Kb1 Rg2
29.Ne4 Rf4 30.Ng5 Rff2 31.Ba1 Nc2 32.Rdh1 Na3+ 33.Kc1 Rc2+ 34.Kd1 Rcd2+ 35.Kc1 Rc2+
36.Kd1 Rgd2+ 37.Ke1 Nc4  0-1

[Event "XXXII Tenkes Cup"]
[Site "Harkany HUN"]
[Date "2008.11.14"]
[Round "1"]
[White "Corrales Jimenez,F"]
[Black "Koban,B"]
[Result "1-0"]
[WhiteElo "2552"]
[BlackElo "2210"]

1.d4 Nf6 2.c4 g6 3.Nc3 d5 4.cxd5 Nxd5 5.e4 Nxc3 6.bxc3 Bg7 7.Bc4 c5 8.Ne2 Nc6
9.Be3 O-O 10.O-O Na5 11.Bd3 b6 12.Rb1 cxd4 13.cxd4 Bb7 14.d5 e6 15.Bd2 exd5
16.Bxa5 dxe4 17.Bc2 Qc7 18.Bb4 Rfd8 19.Qc1 a5 20.Bd2 Rac8 21.Bg5 Rd5 22.Bxe4 Rc5
23.Qxc5 Qxc5 24.Bxb7 Rb8 25.Be3 Qc2 26.Rxb6 Rd8 27.Nf4 Qxa2 28.Bd5 Qc2 29.Rb7 Rf8
30.Rc1 Qf5 31.Rcc7 Be5 32.Rxf7 Rxf7 33.Bxf7+ Kh8 34.g3 a4 35.Be6 Qf6 36.Ra7 Qd8
37.Bd5 Qd6 38.Ra8+ Kg7 39.Ne6+ Kf6 40.Rf8+  1-0

[Event "38th Olympiad"]
[Site "Dresden GER"]
[Date "2008.11.15"]
[Round "3"]
[White "Bravo,Will"]
[Black "Delchev,A"]
[Result "0-1"]
[WhiteElo "2157"]
[BlackElo "2632"]

1.d4 Nf6 2.c4 g6 3.Nc3 d5 4.cxd5 Nxd5 5.e4 Nxc3 6.bxc3 Bg7 7.Nf3 c5 8.Rb1 O-O
9.Be2 Nc6 10.d5 Ne5 11.Nxe5 Bxe5 12.Qd2 e6 13.f4 Bc7 14.O-O exd5 15.exd5 Ba5
16.Bb2 Bf5 17.Rbd1 Qd7 18.Bf3 Rfe8 19.Rfe1 c4 20.Kh1 Bd3 21.g4 Qd6 22.h4 Qf6
23.Kg2 Bc7 24.Bc1 Qxh4 25.g5 Rxe1 26.Qxe1 Qxe1 27.Rxe1 Bd6 28.Be3 Re8 29.Kf2 b5
30.Bxa7 Rxe1 31.Kxe1 b4 32.cxb4 c3 33.Be3 Bxb4 34.Bc1 Kf8 35.Be2 Bf5 36.Bc4 Ke7
37.a3 Bc5 38.Ke2 Kd6 39.Kf3 Bc2 40.Ba2 Bd1+ 41.Ke4 Bc2+ 42.Kf3 Ke7 43.Bc4 f5
44.Ke2 Kd6 45.Kf3 Bd1+ 46.Kg2 Kc7 47.Ba2 Kb6 48.d6 Bxd6 49.Kf2 Kb5 50.Ke1 Bc2
51.Be6 Bd3 52.Bb3 Bc4 53.Bc2 Bc5 54.Bd1 Bg1 55.Bc2 Kc5 56.Ba4 Kd4 57.Bc2 Be3  0-1

[Event "38th Olympiad"]
[Site "Dresden GER"]
[Date "2008.11.16"]
[Round "4"]
[White "Radjabov,T"]
[Black "Kamsky,G"]
[Result "1-0"]
[WhiteElo "2751"]
[BlackElo "2729"]

1.d4 Nf6 2.c4 g6 3.Nc3 d5 4.cxd5 Nxd5 5.e4 Nxc3 6.bxc3 Bg7 7.Be3 c5 8.Rc1 Qa5
9.Qd2 cxd4 10.cxd4 Qxd2+ 11.Kxd2 O-O 12.Bd3 e6 13.Ne2 Nc6 14.Rc4 Rd8 15.Rb1 Bd7
16.Nc3 Be8 17.e5 Rab8 18.f4 Bf8 19.g4 Be7 20.h4 f6 21.h5 gxh5 22.gxh5 Bxh5
23.Rg1+ Bg6 24.f5 exf5 25.e6 Kf8 26.Bh6+ Ke8 27.Nb5 Bb4+ 28.Ke3 Ke7 29.Bf4 Kxe6
30.d5+ Kf7 31.dxc6 bxc6 32.Rxb4 cxb5 33.Bxb8 f4+ 34.Kxf4 Bxd3 35.Bxa7 Ra8
36.Rd4  1-0

[Event "38th Olympiad"]
[Site "Dresden GER"]
[Date "2008.11.17"]
[Round "5"]
[White "Beliavsky,A"]
[Black "Topalov,V"]
[Result "1/2-1/2"]
[WhiteElo "2619"]
[BlackElo "2791"]

1.d4 Nf6 2.c4 g6 3.Nc3 d5 4.cxd5 Nxd5 5.e4 Nxc3 6.bxc3 Bg7 7.Bc4 c5 8.Ne2 O-O
9.O-O Nc6 10.Be3 Na5 11.Bd3 b6 12.Rb1 cxd4 13.cxd4 e6 14.Qd2 Bb7 15.Bh6 Bxh6
16.Qxh6 Rc8 17.Rfd1 Nc6 18.e5 Qe7 19.Be4 Rfd8 20.Ng3 f5 21.exf6 Qxf6 22.h4 Rf8
23.Rd2 Ba6 24.h5 Ne7 25.hxg6 hxg6 26.Re1 Rf7 27.Bf3 Rh7 28.Qe3 Bc4 29.Rc2 Kg7
30.Qe5 Qxe5 31.Rxe5 Rhh8 32.Bb7 Rb8 33.Rxc4 Rxb7 34.Rxe6 Rd7 35.d5 Nxd5 36.Rd4 Kf7
37.Rc6 Rhd8 38.Ne4 Ne7 39.Ng5+ Ke8 40.Re4 Rd6 41.Rc7 R8d7 42.Rc8+ Rd8 43.Rc7 R8d7  1/2-1/2

[Event "38th Olympiad"]
[Site "Dresden GER"]
[Date "2008.11.19"]
[Round "6"]
[White "Sarakauskas,G"]
[Black "Pereira,Rub"]
[Result "0-1"]
[WhiteElo "2429"]
[BlackElo "2437"]

1.d4 Nf6 2.c4 g6 3.Nc3 d5 4.cxd5 Nxd5 5.e4 Nxc3 6.bxc3 Bg7 7.Bb5+ c6 8.Ba4 O-O
9.Ne2 c5 10.O-O Bd7 11.Rb1 b6 12.dxc5 Bxa4 13.Qxa4 Nd7 14.cxb6 axb6 15.Qc2 Qc7
16.Rd1 Nc5 17.Be3 Rfc8 18.Bd4 Na4 19.Qb3 Nc5 20.Qc2 Na4 21.g3 h5 22.h4 Qc6
23.Bxg7 Kxg7 24.Rb3 Ra5 25.Ra3 Rca8 26.Rd4 e5 27.Rd5 Qc4 28.Rxa5 Rxa5 29.Nc1 Ra8
30.Qb3 Qxe4 31.Qd1 Nb2 32.Qd6 Nc4  0-1

[Event "38th Olympiad"]
[Site "Dresden GER"]
[Date "2008.11.22"]
[Round "9"]
[White "Albadri,A"]
[Black "Schellmann,F"]
[Result "0-1"]
[WhiteElo "2163"]
[BlackElo "2144"]

1.d4 Nf6 2.c4 g6 3.Nc3 d5 4.cxd5 Nxd5 5.e4 Nxc3 6.bxc3 Bg7 7.Bc4 c5 8.Be3 Nc6
9.Ne2 O-O 10.O-O Bd7 11.Rc1 Rc8 12.Qd2 Qa5 13.Qb2 cxd4 14.cxd4 Qb4 15.Qxb4 Nxb4
16.a3 Nc6 17.h3 Na5 18.Bd3 f5 19.f3 e6 20.Rxc8 Rxc8 21.Rc1 Rxc1+ 22.Bxc1 b5
23.e5 Bf8 24.Kf2 Nb3 25.Bb2 a5 26.Nc1 Nxc1 27.Bxc1 Bc6 28.Ke2 Kf7 29.Bb2 a4
30.Kd2 b4 31.axb4 Bxb4+ 32.Bc3 Be7 33.Bc4 g5 34.Ke3 f4+ 35.Kf2 Ba3 36.Ke2 h5
37.Ke1 g4 38.hxg4 hxg4 39.Be2 Bc1 40.Kd1 Be3 41.Kc2 Bd5 42.Kb2 gxf3 43.Bxf3 Bxf3
44.gxf3 Ke8 45.Ka3 Kd7 46.Kxa4 Kc6 47.Kb3 Kd5 48.Kc2 Bxd4 49.Kd3 Bxc3 50.Kxc3 Kxe5
51.Kc4 Kd6 52.Kd4 e5+ 53.Kc4 Kc6 54.Kc3 Kc5 55.Kd3 Kd5 56.Ke2 Kc4 57.Kd2 Kd4
58.Ke2 Kc3  0-1

[Event "38th Olympiad"]
[Site "Dresden GER"]
[Date "2008.11.22"]
[Round "9"]
[White "Dao Thien Hai"]
[Black "Howell,D"]
[Result "1/2-1/2"]
[WhiteElo "2510"]
[BlackElo "2593"]

1.d4 Nf6 2.c4 g6 3.Nc3 d5 4.cxd5 Nxd5 5.e4 Nxc3 6.bxc3 Bg7 7.Nf3 c5 8.Rb1 O-O
9.Be2 cxd4 10.cxd4 Qa5+ 11.Qd2 Qxd2+ 12.Bxd2 b6 13.Be3 e6 14.Bd3 Ba6 15.Bxa6 Nxa6
16.Ke2 f5 17.Rhc1 Rac8 18.g3 Bf6 19.exf5 exf5 20.a4 Nb8 21.Rxc8 Rxc8 22.Rc1 Rxc1
23.Bxc1 a6 24.Kd3 b5 25.axb5 axb5 26.Bf4 Nc6 27.Bd6 Kf7 28.d5 Ne7 29.Nd4 Nxd5
30.Nxb5 Ke6  1/2-1/2

[Event "38th Olympiad"]
[Site "Dresden GER"]
[Date "2008.11.23"]
[Round "10"]
[White "Rajapakse,R"]
[Black "Zerafa,R"]
[Result "1/2-1/2"]
[WhiteElo "1646"]
[BlackElo "1991"]

1.d4 Nf6 2.c4 g6 3.Nc3 d5 4.cxd5 Nxd5 5.e4 Nxc3 6.bxc3 Bg7 7.Nf3 c5 8.h3 Nc6
9.e5 cxd4 10.cxd4 Be6 11.Be2 O-O 12.O-O Qa5 13.Bd2 Qa3 14.Qb1 Rfd8 15.Be3 Nb4
16.Bc1 Qa4 17.Bd2 a5 18.a3 Nc2 19.Bd1 Bf5 20.Qxb7 Qd7 21.Qxd7 Rxd7 22.Bxc2 Bxc2
23.Rfc1 Be4 24.Be3 f6 25.Rc5 a4 26.Rac1 Kf7 27.exf6 Bxf6 28.Ne5+ Bxe5 29.Rxe5 Bd5
30.Rc5 Bb3 31.Bg5 Raa7 32.Re4 Rac7 33.Bf4 Rxd4 34.Rxc7 Rxe4 35.Be3 Rc4  1/2-1/2

[Event "38th Olympiad"]
[Site "Dresden GER"]
[Date "2008.11.25"]
[Round "11"]
[White "Cheparinov,I"]
[Black "Kazhgaleyev,M"]
[Result "1-0"]
[WhiteElo "2696"]
[BlackElo "2640"]

1.d4 Nf6 2.c4 g6 3.Nc3 d5 4.cxd5 Nxd5 5.e4 Nxc3 6.bxc3 Bg7 7.Bc4 c5 8.Ne2 O-O
9.O-O Nc6 10.Be3 Bg4 11.f3 Bd7 12.Rb1 Rc8 13.Bd3 Qc7 14.Qd2 Rfd8 15.Rfc1 a6
16.Nf4 e6 17.d5 Na5 18.c4 b6 19.h4 Qd6 20.Bf1 e5 21.Nd3 Nb7 22.Qf2 Rb8 23.Qb2 Na5
24.Qa3 Qc7 25.Bd2 Nb7 26.Qxa6 Nd6 27.Qa3 f5 28.Nf2 Ra8 29.Qb2 Ra6 30.Bc3 Re8
31.Re1 f4 32.Nd3 Nxc4 33.Qb3 b5 34.d6 Qa7 35.a4 Rxa4 36.Ra1 Rxa1 37.Rxa1 Qb6
38.Nxe5 Bxe5 39.Bxc4+ Kg7 40.Bxe5+ Rxe5 41.Rd1 Kh6 42.Qb2 Re8 43.e5 Qd8 44.Bf7 Rf8
45.e6 Qxh4 46.Qe5 Bc6 47.d7 Rd8 48.Qc7 Bxf3 49.Rf1 Bxg2 50.Qxf4+ Qxf4 51.Rxf4 Bc6
52.Be8 Kg5 53.e7  1-0

[Event "38th Olympiad w"]
[Site "Dresden GER"]
[Date "2008.11.25"]
[Round "11"]
[White "Vojinovic,J"]
[Black "Heinatz,G"]
[Result "1-0"]
[WhiteElo "2332"]
[BlackElo "2227"]

1.d4 Nf6 2.c4 g6 3.Nc3 d5 4.cxd5 Nxd5 5.e4 Nxc3 6.bxc3 Bg7 7.Bc4 c5 8.Ne2 O-O
9.O-O Nc6 10.Be3 Qc7 11.Rc1 Rd8 12.Qd2 a6 13.Bf4 e5 14.Bg5 Rd7 15.d5 Na5
16.Bd3 c4 17.Bc2 b5 18.Be3 Nb7 19.f4 Nd6 20.fxe5 Bxe5 21.Bf4 f6 22.Nd4 Nf7
23.Kh1 Rd6 24.Rf3 Bd7 25.Rcf1 Re8 26.Qf2 Re7 27.Kg1 a5 28.Bxe5 Nxe5 29.Rxf6 Rxf6
30.Qxf6 Rf7 31.d6 Rxf6 32.dxc7 Rb6 33.a3 Rb7 34.Rb1 Rxc7 35.Nxb5 Rb7 36.Nd6 Rxb1+
37.Bxb1 Ba4 38.Kf2 Bb3 39.Ke3 Kg7 40.Kd4 Kf6 41.Nb7 a4 42.Nc5 Ng4 43.Nd7+ Ke7
44.h3 Nh2 45.Nb6 Nf1 46.e5 Ng3 47.Nd5+ Kf7 48.Be4 Ne2+ 49.Ke3 Ng3 50.Kf4 Nh5+
51.Kf3 Ng7 52.Ke3 Ne6 53.Nb6 Nc7 54.Bc6 g5 55.Ke4 Ke6 56.Bd7+ Ke7 57.Kf5 h6
58.Kg6 Bc2+ 59.Kxh6 Be4 60.Kxg5 Bxg2 61.h4 Na6 62.Bf5 Nc5 63.Nxc4  1-0

[Event "British Rapid"]
[Site "Halifax ENG"]
[Date "2008.11.29"]
[Round "2"]
[White "Addison,B"]
[Black "Howell,D"]
[Result "0-1"]
[WhiteElo "2266"]
[BlackElo "2593"]

1.d4 Nf6 2.c4 g6 3.Nc3 d5 4.cxd5 Nxd5 5.e4 Nxc3 6.bxc3 Bg7 7.Bc4 c5 8.Ne2 Nc6
9.Be3 O-O 10.Rc1 cxd4 11.cxd4 Qa5+ 12.Rc3 Qa3 13.Kf1 Qd6 14.h4 e5 15.d5 Na5
16.Bb5 b6 17.Bc1 Nb7 18.Bc6 Rd8 19.Ba3 Qc7 20.Qc1 Rb8 21.Bxb7 Qxb7 22.Rc7 Qa6
23.Be7 Re8 24.h5 Qd3 25.hxg6 hxg6 26.f3 Ba6 27.Qe1 Rbc8 28.Rxa7 Rc2 29.Rxa6 Qxa6
30.d6 Qd3 31.Kf2 Ra8 32.Qd1 Rd2  0-1

[Event "Mediterranean Open"]
[Site "Rijeka CRO"]
[Date "2008.11.29"]
[Round "1"]
[White "Doric,D"]
[Black "Kukina,M"]
[Result "1-0"]
[WhiteElo "2485"]
[BlackElo "1980"]

1.d4 Nf6 2.c4 g6 3.Nc3 d5 4.cxd5 Nxd5 5.e4 Nxc3 6.bxc3 Bg7 7.Nf3 c5 8.Rb1 O-O
9.Be2 Nc6 10.d5 Ne5 11.Nxe5 Bxe5 12.c4 e6 13.O-O exd5 14.exd5 Qc7 15.h3 Bf5
16.Bd3 Bxd3 17.Qxd3 Bd4 18.Bb2 Bxb2 19.Rxb2 Rad8 20.Re1 Rfe8 21.Rxe8+ Rxe8
22.d6 Qd7 23.Qd5 b6 24.Rd2 Rd8 25.Qg5 Re8 26.Rd5 Re1+ 27.Kh2 Re4 28.Qf6 Re6
29.Qf4 Kg7 30.g4 Re2 31.a3 Re1 32.h4 h6 33.g5 h5 34.Re5 Rxe5 35.Qxe5+ Kg8
36.f3 Qa4 37.Qe2 Qc6 38.Qd2 Qd7 39.Qd5 Kf8 40.Qe5 Kg8 41.Qe7 Qf5 42.d7 Qf4+
43.Kg2 Qd2+ 44.Kg3  1-0

[Event "British Rapid"]
[Site "Halifax ENG"]
[Date "2008.11.30"]
[Round "8"]
[White "Hawkins,Jo"]
[Black "Howell,D"]
[Result "0-1"]
[WhiteElo "2325"]
[BlackElo "2593"]

1.d4 Nf6 2.c4 g6 3.Nc3 d5 4.cxd5 Nxd5 5.e4 Nxc3 6.bxc3 Bg7 7.Bc4 c5 8.Ne2 Nc6
9.Be3 O-O 10.Rc1 Na5 11.Bd3 b6 12.Qd2 e5 13.d5 f5 14.Bg5 Qd6 15.f3 f4 16.Bh4 c4
17.Bb1 Bd7 18.Bf2 g5 19.Ng1 h5 20.g3 g4 21.gxf4 Rxf4 22.Be3 Raf8 23.Bxf4 Rxf4
24.fxg4 Bh6 25.Qe2 Bxg4 26.Qg2 Qf6 27.h4 Kh8 28.Rc2 Bf8 29.Rf2 Bc5 30.Rf1 Rxf1+
31.Qxf1 Qh6 32.Ne2 Kg7 33.Rh2 Nb7 34.Qg2 Nd6 35.Qg3 Qf6 36.Rg2 Kh8 37.a4 a6
38.Nd4 exd4 39.e5 Qh6 40.exd6 Qc1+ 41.Kf2 d3+  0-1

[Event "British Rapid"]
[Site "Halifax ENG"]
[Date "2008.11.30"]
[Round "11"]
[White "Gordon,S"]
[Black "Clarke,B"]
[Result "1-0"]
[WhiteElo "2521"]
[BlackElo "1990"]

1.d4 Nf6 2.c4 g6 3.Nc3 d5 4.cxd5 Nxd5 5.e4 Nxc3 6.bxc3 Bg7 7.Bc4 O-O 8.Ne2 c5
9.O-O Nc6 10.Be3 Na5 11.Bd3 c4 12.Bc2 b6 13.Qd2 Re8 14.Bh6 Bh8 15.e5 Bb7
16.Ng3 f5 17.Bxf5 e6 18.Be4 Bd5 19.Bxd5 Qxd5 20.h4 Rad8 21.Qg5 Nc6 22.h5 Ne7
23.Rae1 Rd7 24.Ne4 Qb7 25.Nd6 Qb8 26.hxg6 Nxg6 27.Nxe8 Qxe8 28.f4 Rf7 29.f5 exf5
30.Rxf5 Rxf5 31.Qxf5 Qf7 32.Qc8+ Nf8 33.Rf1  1-0

[Event "Mediterranean Open"]
[Site "Rijeka CRO"]
[Date "2008.12.03"]
[Round "6"]
[White "Zaja,I"]
[Black "Lujan,C"]
[Result "1-0"]
[WhiteElo "2461"]
[BlackElo "2366"]

1.d4 Nf6 2.c4 g6 3.Nc3 d5 4.cxd5 Nxd5 5.e4 Nxc3 6.bxc3 Bg7 7.Nf3 O-O 8.Be2 c5
9.Rb1 b6 10.O-O Bb7 11.Qd3 Qc7 12.Bg5 e6 13.Qe3 Nd7 14.e5 Rae8 15.Bb5 Bc6
16.a4 a6 17.Bxa6 Bxa4 18.Bb5 Bxb5 19.Rxb5 Qc6 20.Rfb1 cxd4 21.cxd4 Ra8 22.h4 Rfc8
23.Bh6 Ra2 24.Bxg7 Kxg7 25.Ng5 Qc2 26.Ne4 Qe2 27.Qf4 Rcc2 28.R5b3 Ra7 29.Rf3 Nf8
30.Qf6+ Kg8 31.Nd6 Qd2 32.Ne8 Rc1+ 33.Kh2  1-0

[Event "Snowdrops vs Old-hands"]
[Site "Marianske Lazne CZE"]
[Date "2008.12.05"]
[Round "7"]
[White "Hort,V"]
[Black "Cmilyte,V"]
[Result "1-0"]
[WhiteElo "2478"]
[BlackElo "2512"]

1.d4 Nf6 2.c4 g6 3.Nc3 d5 4.cxd5 Nxd5 5.e4 Nxc3 6.bxc3 Bg7 7.Be3 c5 8.Rc1 Qa5
9.Qd2 O-O 10.d5 e6 11.Nf3 Rd8 12.c4 Qxd2+ 13.Nxd2 Na6 14.Bd3 Nb4 15.Bb1 b6
16.O-O Bb2 17.Rcd1 Ba6 18.f4 exd5 19.exd5 Re8 20.Rf3 Rad8 21.Kf2 f5 22.h3 Bc8
23.Rg1 h5 24.g4 Kf7 25.gxh5 gxh5 26.Rfg3 Bf6 27.Nf3 h4 28.Rg6 a5 29.a3 Na6
30.Ne5+ Rxe5 31.fxe5 Bxe5 32.Kf3 Nb8 33.Bf4 Nd7 34.Bxf5 Bd4 35.Be6+ Ke7 36.d6+  1-0

[Event "III Open"]
[Site "Palma de Mallorca ESP"]
[Date "2008.12.06"]
[Round "1"]
[White "D'Costa,L"]
[Black "Gomez Andreu,D"]
[Result "1-0"]
[WhiteElo "2411"]
[BlackElo "1894"]

1.d4 Nf6 2.c4 g6 3.Nc3 d5 4.cxd5 Nxd5 5.e4 Nxc3 6.bxc3 Bg7 7.Bc4 O-O 8.Ne2 c5
9.Be3 Nc6 10.Rc1 Bd7 11.h4 cxd4 12.cxd4 Qa5+ 13.Kf1 h5 14.Nf4 Kh7 15.e5 Bg4
16.Qb3 Nd8 17.f3 Bf5 18.g4 hxg4 19.h5 g5 20.Nd5 e6 21.Ne7 f6 22.h6 Bh8 23.Nxf5 exf5
24.e6 Qc7 25.Bd3 Qe7 26.Bxf5+ Kg8 27.d5  1-0

[Event "III Open"]
[Site "Palma de Mallorca ESP"]
[Date "2008.12.07"]
[Round "2"]
[White "Fullana Benito,D"]
[Black "Andersen,Mad"]
[Result "0-1"]
[WhiteElo "1873"]
[BlackElo "2156"]

1.d4 Nf6 2.c4 g6 3.Nc3 d5 4.cxd5 Nxd5 5.e4 Nxc3 6.bxc3 Bg7 7.Nf3 c5 8.Bb5+ Bd7
9.Qa4 O-O 10.Bxd7 Nxd7 11.Be3 Nf6 12.Qc2 Qa5 13.O-O Rac8 14.Rac1 Ng4 15.Qb3 Nxe3
16.fxe3 b6 17.c4 cxd4 18.exd4 e6 19.a4 Rfd8 20.e5 Bh6 21.Rc2 Qa6 22.g4 Qb7
23.Qd3 Qc6 24.g5 Bf8 25.Ra1 Bc5 26.h4 Rd7 27.Qe3 Rcd8 28.Rd2 Bb4 29.Rc2 Rc7
30.Kh2 Qb7 31.Rb1 Ba5 32.Rb5 Qc6 33.d5 exd5 34.Nd4 Qe8 35.e6 Rxc4 36.exf7+ Qxf7
37.Rf2 Re8 38.Qd2 Bxd2  0-1

[Event "TCh-SLO"]
[Site "Murska Sobota SLO"]
[Date "2008.12.09"]
[Round "4"]
[White "Beliavsky,A"]
[Black "Sedlak,N"]
[Result "0-1"]
[WhiteElo "2619"]
[BlackElo "2553"]

1.d4 Nf6 2.c4 g6 3.Nc3 d5 4.cxd5 Nxd5 5.e4 Nxc3 6.bxc3 Bg7 7.Bc4 O-O 8.Ne2 c5
9.O-O Nc6 10.Be3 Bd7 11.Rc1 Rc8 12.f4 Bg4 13.d5 Na5 14.Bd3 e6 15.h3 Bxe2
16.Bxe2 exd5 17.exd5 Re8 18.Rf3 Qd6 19.Bf2 Rcd8 20.Bb5 Re4 21.Qc2 f5 22.Bd3 Re7
23.Rd1 c4 24.Bf1 b6 25.Qd2 Bf6 26.g3 Rde8 27.Re3 Rxe3 28.Bxe3 Nb7 29.Bxc4 Nc5
30.Bb5 Ne4 31.Qd3 Rc8 32.c4 Nxg3 33.Kg2 Ne4 34.Re1 Kf7 35.Bc1 a6 36.Bxa6 Nc5
37.Qa3 Ra8 38.Re6 Qd8 39.Bb2 Rxa6 40.Bxf6 Rxa3 41.Bxd8 Rxa2+ 42.Kf3 Nxe6  0-1